| 000 | 00525nam a22001577a 4500 | ||
|---|---|---|---|
| 008 | 210304b ||||| |||| 00| 0 eng d | ||
| 020 | _a8172245882 | ||
| 082 | _a616 FRI | ||
| 100 | _aFriedberg, Fred | ||
| 245 | _aCoping with chronic fatigue syndrome : nine things you can do | ||
| 260 |
_aOakland, CA : _bNew Harbinger Publications, _c1997. |
||
| 300 |
_a 166 p. _c23 cm. |
||
| 500 | _aIncludes bibliographical references (p. [163]-166). | ||
| 650 | _aChronic fatigue syndrome. Fatigue. Chronic diseases. | ||
| 942 | _2ddc | ||
| 999 |
_c8658 _d8659 |
||